[Event "5. Open Memorial Pedro Lezcano 2012"]
[Site "Gran Canaria ESP"]
[Date "2012.04.06"]
[Round "7.30"]
[White "Ramirez Medina, Victor"]
[Black "Morales Sanchez, Domingo"]
[Result "1-0"]
[WhiteElo "1863"]
[BlackElo "1555"]
[PlyCount "75"]
[EventDate "2012.04.02"]
[EventType "swiss"]
[EventRounds "9"]
[EventCountry "ESP"]
[Source "lmi"]
[SourceDate "2012.04.02"]

1. e4 c5 2. Nf3 e6 3. d4 cxd4 4. Nxd4 a6 5. c4 Nf6 6. Nc3 Bb4 7. Bd2 O-O 8. e5
Ne8 9. Bd3 Qc7 10. Qe2 Nc6 11. Nf3 d6 12. a3 Bc5 13. Ne4 Nxe5 14. Nxe5 dxe5 15.
Nxc5 Qxc5 16. Bb4 Qc7 17. Bxf8 Kxf8 18. O-O Nf6 19. Rfe1 Bd7 20. Qxe5 Qxe5 21.
Rxe5 Bc6 22. Rd1 h6 23. f3 g5 24. b4 Nh5 25. Bc2 Rb8 26. a4 Nf4 27. Kf2 Ke7 28.
b5 axb5 29. axb5 Be8 30. Rc5 Ng6 31. Be4 f5 32. Rc7+ Kf6 33. Bxb7 Ne5 34. Ba6
Bg6 35. c5 f4 36. b6 Be8 37. Rd6 Ra8 38. b7 1-0

[Event "5. Open Memorial Pedro Lezcano 2012"]
[Site "Gran Canaria ESP"]
[Date "2012.04.06"]
[Round "7.32"]
[White "Bordon Sanchez, Jose Domingo"]
[Black "Diaz Suarez, Cayetano"]
[Result "1/2-1/2"]
[WhiteElo "1448"]
[BlackElo "1827"]
[PlyCount "48"]
[EventDate "2012.04.02"]
[EventType "swiss"]
[EventRounds "9"]
[EventCountry "ESP"]
[Source "lmi"]
[SourceDate "2012.04.02"]

1. e4 Nf6 2. Nc3 d5 3. exd5 Nxd5 4. Nf3 Nxc3 5. bxc3 e6 6. Be2 Be7 7. Bb2 O-O
8. O-O a5 9. d4 a4 10. a3 Nc6 11. c4 Bf6 12. Rb1 b6 13. Re1 Qd6 14. c5 bxc5 15.
dxc5 Qxc5 16. Bxf6 gxf6 17. Rb5 Qxa3 18. Rh5 Ra5 19. Rh6 Kg7 20. Qd2 Ne5 21.
Rh4 Nxf3+ 22. Bxf3 Rg5 23. Be4 h6 24. f4 Rg6 1/2-1/2

[Event "5. Open Memorial Pedro Lezcano 2012"]
[Site "Gran Canaria ESP"]
[Date "2012.04.06"]
[Round "7.33"]
[White "Falcon Diaz, Francisco Samuel"]
[Black "Perez Castellano, Susana"]
[Result "0-1"]
[WhiteElo "1600"]
[BlackElo "1817"]
[PlyCount "114"]
[EventDate "2012.04.02"]
[EventType "swiss"]
[EventRounds "9"]
[EventCountry "ESP"]
[Source "lmi"]
[SourceDate "2012.04.02"]

1. e4 e5 2. Nf3 Nc6 3. Bb5 Nf6 4. d3 d6 5. h3 Be7 6. Bg5 h6 7. Be3 a6 8. Ba4
O-O 9. a3 b5 10. Bb3 d5 11. exd5 Nxd5 12. O-O Bf6 13. c3 Bb7 14. Bc5 Re8 15.
Nbd2 Nf4 16. Ne4 Qxd3 17. Nfd2 Na5 18. Bc2 Qd7 19. Be3 Rad8 20. Nxf6+ gxf6 21.
Bxf4 exf4 22. Nb3 Nxb3 23. Bxb3 Qf5 24. Qg4+ Qxg4 25. hxg4 c5 26. Bd1 Rd2 27.
b4 Bd5 28. a4 Bc4 29. bxc5 Bxf1 30. Kxf1 Rc8 31. axb5 axb5 32. Rb1 Rxc5 33. Ke1
Rd3 34. Be2 Rdxc3 35. Bxb5 Rc1+ 36. Rxc1 Rxc1+ 37. Ke2 Rc3 38. Bd7 Kg7 39. Bf5
Kf8 40. Kd2 Ra3 41. Ke1 Ra2 42. Kf1 Ke7 43. f3 Kd6 44. Bh7 Ke5 45. Bg8 Kd4 46.
Bxf7 Rb2 47. Kg1 Ke3 48. Bg6 Ra2 49. Bf7 Ra1+ 50. Kh2 Kf2 51. Bd5 Rg1 52. Be4
Rxg2+ 53. Kh3 Rg3+ 54. Kh4 Rxf3 55. Kh5 Rg3 56. Kh4 Rg1 57. Kh5 Ke3 0-1

[Event "5. Open Memorial Pedro Lezcano 2012"]
[Site "Gran Canaria ESP"]
[Date "2012.04.06"]
[Round "7.34"]
[White "Guerra Arrocha, Daniel"]
[Black "Manchon Santana, Alberto"]
[Result "1-0"]
[WhiteElo "1771"]
[BlackElo "1475"]
[PlyCount "85"]
[EventDate "2012.04.02"]
[EventType "swiss"]
[EventRounds "9"]
[EventCountry "ESP"]
[Source "lmi"]
[SourceDate "2012.04.02"]

1. d4 Nf6 2. c4 c5 3. d5 b5 4. cxb5 a6 5. Nc3 g6 6. e4 d6 7. Bf4 Nbd7 8. Nf3
Qa5 9. Bd3 Bg7 10. O-O O-O 11. Qe2 axb5 12. Bxb5 Ba6 13. Bxa6 Qxa6 14. Qc2 Rfb8
15. a4 Rb4 16. b3 c4 17. bxc4 Rxc4 18. Nd2 Nh5 19. Nxc4 Nxf4 20. g3 Qxc4 21.
gxf4 Qxc3 22. Qxc3 Bxc3 23. Rac1 Ba5 24. Rb1 Nc5 25. e5 Kf8 26. exd6 exd6 27.
Rb5 Ke7 28. Kg2 Kf6 29. Rfb1 Bc7 30. R5b4 Ra7 31. Kg3 Kf5 32. Kf3 h5 33. Rc4
Ra8 34. Re1 Kf6 35. Rec1 Ke7 36. Re1+ Kd7 37. Ra1 Rb8 38. f5 Rb2 39. fxg6 fxg6
40. Rf4 Bd8 41. Rf7+ Be7 42. Re1 Rb3+ 43. Kg2 1-0

[Event "5. Open Memorial Pedro Lezcano 2012"]
[Site "Gran Canaria ESP"]
[Date "2012.04.06"]
[Round "7.35"]
[White "Guerrero Ruiz, Jose Luis"]
[Black "Guerrero Romero, Antonio"]
[Result "1/2-1/2"]
[WhiteElo "1744"]
[BlackElo "1933"]
[PlyCount "61"]
[EventDate "2012.04.02"]
[EventType "swiss"]
[EventRounds "9"]
[EventCountry "ESP"]
[Source "lmi"]
[SourceDate "2012.04.02"]

1. d4 Nf6 2. c4 e6 3. Nc3 b6 4. e4 Bb7 5. Qc2 d5 6. e5 Nfd7 7. cxd5 exd5 8.
Nge2 Bb4 9. a3 Bxc3+ 10. Qxc3 O-O 11. Qg3 Kh8 12. b4 a5 13. Nf4 Qe8 14. Bd3
Nxe5 15. O-O Nxd3 16. Nxd3 Ba6 17. Re1 Qd8 18. Bf4 Ra7 19. Rac1 Bxd3 20. Rxc7
Rxc7 21. Bxc7 Qc8 22. Bxb8 Bg6 23. Bd6 Re8 24. Qc3 Rxe1+ 25. Qxe1 axb4 26. Bxb4
h6 27. f3 Kh7 28. Kf2 Bd3 29. Qe5 Qc2+ 30. Kg1 Bc4 31. Qe3 1/2-1/2

[Event "5. Open Memorial Pedro Lezcano 2012"]
[Site "Gran Canaria ESP"]
[Date "2012.04.06"]
[Round "7.36"]
[White "Saad Addin Quintana, Samir N"]
[Black "Antonini, Roberto"]
[Result "0-1"]
[WhiteElo "1879"]
[BlackElo "1584"]
[PlyCount "142"]
[EventDate "2012.04.02"]
[EventType "swiss"]
[EventRounds "9"]
[EventCountry "ESP"]
[Source "lmi"]
[SourceDate "2012.04.02"]

1. e4 e5 2. Nf3 Nf6 3. Bc4 Bc5 4. d3 d6 5. c3 O-O 6. b4 Bb6 7. O-O a5 8. bxa5
Bxa5 9. h3 c6 10. Bb3 b5 11. Bg5 Nbd7 12. Qc1 Qc7 13. Nbd2 Bb7 14. Rd1 Bb6 15.
Nf1 Rac8 16. Ng3 d5 17. Bxf6 Nxf6 18. Qg5 h6 19. Qxe5 Qxe5 20. Nxe5 dxe4 21.
dxe4 c5 22. Nd7 Nxd7 23. Rxd7 Bc6 24. Rd6 c4 25. Bc2 Ba5 26. Ne2 Rfe8 27. a4 b4
28. cxb4 Bxb4 29. Rd4 Ba8 30. Kf1 g6 31. Rad1 Kg7 32. f3 Ba5 33. Rd7 Bc6 34.
Ra7 Bb6 35. Ra6 Be3 36. Nd4 Bxd4 37. Rxd4 Bb7 38. Ra7 Re7 39. Ke1 Kf6 40. Ra5
Rec7 41. Rb5 Kg7 42. Rd6 c3 43. Rdb6 Bc6 44. Rb1 Rd8 45. Rd1 Ra8 46. Rb4 Rca7
47. Ra1 Bd7 48. Rc4 Be6 49. Rxc3 Ra5 50. Rca3 Rc8 51. Bd3 Kf6 52. Bb5 Ra7 53.
Rd1 Rc2 54. Rd2 Rc1+ 55. Kf2 h5 56. Rad3 Ra1 57. f4 Rc7 58. Rd6 Rcc1 59. Kf3
Rc3+ 60. R2d3 Rc2 61. Rd2 Rc3+ 62. Kf2 h4 63. R6d3 Rcc1 64. Rf3 Bc4 65. e5+ Kg7
66. Ke3 Bb3 67. Rd4 Rc3+ 68. Kd2 Rc2+ 69. Ke3 Rxg2 70. f5 Re1+ 71. Kf4 g5# 0-1

[Event "5. Open Memorial Pedro Lezcano 2012"]
[Site "Gran Canaria ESP"]
[Date "2012.04.06"]
[Round "7.37"]
[White "Ramirez Maillo, Juan Adonay"]
[Black "Marrero Lopez, Agustin"]
[Result "0-1"]
[WhiteElo "1575"]
[BlackElo "1867"]
[PlyCount "42"]
[EventDate "2012.04.02"]
[EventType "swiss"]
[EventRounds "9"]
[EventCountry "ESP"]
[Source "lmi"]
[SourceDate "2012.04.02"]

1. e4 e5 2. f4 exf4 3. Nf3 d6 4. d4 g5 5. Bc4 Bg7 6. O-O Bg4 7. c3 Nd7 8. g3
Nb6 9. Bb3 Bh6 10. Bxf7+ Kxf7 11. gxf4 gxf4 12. e5 Bxf3 13. Qxf3 dxe5 14. Qh5+
Kf8 15. Kf2 Qg5 16. Qh3 Re8 17. dxe5 Rxe5 18. Bxf4 Qf5 19. Kg1 Qxh3 20. Bxe5+
Ke8 21. Bxh8 Be3+ 0-1

[Event "5. Open Memorial Pedro Lezcano 2012"]
[Site "Gran Canaria ESP"]
[Date "2012.04.06"]
[Round "7.38"]
[White "Suarez Ramirez, Jonay"]
[Black "Capote Robayna, Johanna"]
[Result "0-1"]
[WhiteElo "1492"]
[BlackElo "1809"]
[PlyCount "80"]
[EventDate "2012.04.02"]
[EventType "swiss"]
[EventRounds "9"]
[EventCountry "ESP"]
[Source "lmi"]
[SourceDate "2012.04.02"]

1. d4 Nf6 2. c4 c5 3. d5 e6 4. Bg5 exd5 5. cxd5 d6 6. Nc3 g6 7. Nf3 Bg7 8. e4
Nbd7 9. Bb5 O-O 10. Bxd7 Bxd7 11. O-O Re8 12. Re1 h6 13. Bf4 Qb6 14. Qd2 g5 15.
Bg3 Bg4 16. Qd3 Nd7 17. Rab1 Rac8 18. Nb5 c4 19. Qa3 Qxb5 20. Qxd6 Bf8 21. Nd4
Qa5 22. h3 Bxd6 23. Bxd6 Bh5 24. Nf5 Kh7 25. Bg3 c3 26. bxc3 Rxc3 27. Nd6 Rf8
28. Rxb7 Rxg3 29. Reb1 Rd3 30. Rxd7 Rd1+ 31. Rxd1 Bxd1 32. Nxf7 Ba4 33. Re7
Qe1+ 34. Kh2 Qxf2 35. Ne5+ Kg8 36. Ng4 Qf4+ 37. Kg1 Qc1+ 38. Kh2 Rf1 39. Nxh6+
Kf8 40. Rxa7 Qf4+ 0-1

[Event "5. Open Memorial Pedro Lezcano 2012"]
[Site "Gran Canaria ESP"]
[Date "2012.04.06"]
[Round "7.39"]
[White "Kleine, Peter"]
[Black "Barrera Martin, Nayra"]
[Result "1-0"]
[WhiteElo "1833"]
[BlackElo "1494"]
[PlyCount "67"]
[EventDate "2012.04.02"]
[EventType "swiss"]
[EventRounds "9"]
[EventCountry "ESP"]
[Source "lmi"]
[SourceDate "2012.04.02"]

1. Nh3 b6 2. d4 Bb7 3. d5 Nf6 4. c4 c6 5. Nc3 cxd5 6. cxd5 Na6 7. e4 e6 8. dxe6
fxe6 9. Bg5 Be7 10. e5 Nd5 11. Bxe7 Qxe7 12. Nxd5 Bxd5 13. a3 Nc5 14. Nf4 Bb7
15. Qh5+ Qf7 16. Qxf7+ Kxf7 17. b4 Na6 18. Bb5 Nb8 19. Rd1 Rd8 20. O-O Nc6 21.
Rfe1 a6 22. Bd3 g6 23. Bb1 b5 24. Rd6 Ne7 25. Red1 Bc6 26. Nxe6 Rdc8 27. Nc5
Ra7 28. h4 Nd5 29. Ba2 Kg7 30. Bxd5 Re8 31. Bxc6 dxc6 32. Rd7+ Rxd7 33. Rxd7+
Kf8 34. e6 1-0

[Event "5. Open Memorial Pedro Lezcano 2012"]
[Site "Gran Canaria ESP"]
[Date "2012.04.06"]
[Round "7.40"]
[White "Porretti Garcia, Guido"]
[Black "Sanchez Ramirez, Gustavo"]
[Result "0-1"]
[WhiteElo "1314"]
[BlackElo "1641"]
[PlyCount "38"]
[EventDate "2012.04.02"]
[EventType "swiss"]
[EventRounds "9"]
[EventCountry "ESP"]
[Source "lmi"]
[SourceDate "2012.04.02"]

1. e4 c5 2. Nf3 Nc6 3. d4 cxd4 4. Nxd4 e5 5. Nb3 d6 6. Nc3 Nf6 7. Bb5 Bd7 8.
Bg5 h6 9. Bh4 g5 10. Bg3 a6 11. Bc4 Rc8 12. h4 g4 13. f3 gxf3 14. Qxf3 Nd4 15.
Qd3 Rxc4 16. Nxd4 Rxd4 17. Qf3 Bg4 18. Qe3 h5 19. Rf1 Bh6 0-1

[Event "5. Open Memorial Pedro Lezcano 2012"]
[Site "Gran Canaria ESP"]
[Date "2012.04.06"]
[Round "7.41"]
[White "Monteiro Rodrigues, Carlos"]
[Black "Quevedo Sarmiento, Jacinto"]
[Result "1/2-1/2"]
[WhiteElo "1619"]
[BlackElo "2000"]
[PlyCount "46"]
[EventDate "2012.04.02"]
[EventType "swiss"]
[EventRounds "9"]
[EventCountry "ESP"]
[Source "lmi"]
[SourceDate "2012.04.02"]

1. e4 c5 2. Nf3 Nc6 3. Bb5 d6 4. d4 cxd4 5. Nxd4 Bd7 6. Nxc6 Bxc6 7. Bxc6+ bxc6
8. O-O g6 9. Nc3 Bg7 10. Ne2 Qb6 11. c3 Nf6 12. Ng3 O-O 13. Re1 Nd7 14. Qc2 a5
15. Be3 c5 16. f4 Rfb8 17. Rab1 Rb7 18. b4 Rab8 19. a3 Qc6 20. e5 cxb4 21. c4
bxa3 22. Rxb7 Rxb7 23. Bd4 dxe5 1/2-1/2

[Event "5. Open Memorial Pedro Lezcano 2012"]
[Site "Gran Canaria ESP"]
[Date "2012.04.06"]
[Round "7.43"]
[White "Aleman Alamo, Nicolas"]
[Black "Diaz Martin, Cristina"]
[Result "0-1"]
[WhiteElo "1598"]
[BlackElo "1407"]
[PlyCount "52"]
[EventDate "2012.04.02"]
[EventType "swiss"]
[EventRounds "9"]
[EventCountry "ESP"]
[Source "lmi"]
[SourceDate "2012.04.02"]

1. d4 d5 2. c4 e6 3. Nc3 c5 4. Nf3 Nc6 5. e3 Nf6 6. Be2 dxc4 7. Bxc4 Be7 8. O-O
O-O 9. Qe2 cxd4 10. exd4 Nxd4 11. Nxd4 Qxd4 12. Be3 Qh4 13. h3 e5 14. f4 Bd6
15. Bf2 Qxf4 16. Bc5 Bxc5+ 17. Kh1 Qh4 18. Qd3 Ng4 19. Ne4 Nf2+ 20. Nxf2 Bxf2
21. Rac1 e4 22. Qb3 e3 23. Bxf7+ Rxf7 24. Rc7 Qh5 25. Rfc1 Qf5 26. Qc4 Be6 0-1

[Event "5. Open Memorial Pedro Lezcano 2012"]
[Site "Gran Canaria ESP"]
[Date "2012.04.06"]
[Round "7.45"]
[White "Biscarri Candalia, Oscar"]
[Black "Guedes Lopez, Mario"]
[Result "0-1"]
[WhiteElo "1515"]
[BlackElo "1476"]
[PlyCount "42"]
[EventDate "2012.04.02"]
[EventType "swiss"]
[EventRounds "9"]
[EventCountry "ESP"]
[Source "lmi"]
[SourceDate "2012.04.02"]

1. d4 d5 2. c4 c6 3. Nc3 Nf6 4. e3 e6 5. Nf3 Bd6 6. Qd2 b6 7. a3 Ba6 8. b3 O-O
9. Be2 Nbd7 10. cxd5 Bxe2 11. Qxe2 cxd5 12. Bb2 Rc8 13. O-O Nb8 14. Rac1 Nc6
15. Nb5 Bb8 16. b4 a6 17. Nc3 b5 18. Rc2 Ne7 19. Rfc1 Ng6 20. Ne1 Qc7 21. Nd1
Qxh2+ 0-1

[Event "5. Open Memorial Pedro Lezcano 2012"]
[Site "Gran Canaria ESP"]
[Date "2012.04.07"]
[Round "8.1"]
[White "Recuero Guerra, David"]
[Black "Kurajica, Bojan"]
[Result "1/2-1/2"]
[WhiteElo "2467"]
[BlackElo "2548"]
[PlyCount "28"]
[EventDate "2012.04.02"]
[EventType "swiss"]
[EventRounds "9"]
[EventCountry "ESP"]
[Source "lmi"]
[SourceDate "2012.04.02"]

1. e4 d5 2. exd5 Qxd5 3. Nc3 Qd6 4. d4 Nf6 5. Nf3 g6 6. h3 Bg7 7. Bc4 O-O 8.
O-O Nc6 9. a3 a6 10. Be3 b5 11. Ba2 Bb7 12. Qe2 e6 13. Rad1 Ne7 14. Bg5 Rad8
1/2-1/2

[Event "5. Open Memorial Pedro Lezcano 2012"]
[Site "Gran Canaria ESP"]
[Date "2012.04.07"]
[Round "8.2"]
[White "Del Rio De Angelis, Salvador G"]
[Black "Espinosa Aranda, Angel"]
[Result "1-0"]
[WhiteElo "2533"]
[BlackElo "2399"]
[PlyCount "75"]
[EventDate "2012.04.02"]
[EventType "swiss"]
[EventRounds "9"]
[EventCountry "ESP"]
[Source "lmi"]
[SourceDate "2012.04.02"]

1. d4 d5 2. c4 c6 3. Nf3 Nf6 4. Nc3 a6 5. a4 e6 6. g3 dxc4 7. Bg2 c5 8. O-O Nc6
9. Ne5 Na5 10. dxc5 Qxd1 11. Rxd1 Bxc5 12. Bf4 O-O 13. Ne4 Nxe4 14. Bxe4 Ra7
15. Nd7 Bxd7 16. Rxd7 Nb3 17. Ra2 f5 18. Bg2 Rf7 19. Rd8+ Rf8 20. Rxf8+ Kxf8
21. a5 b5 22. axb6 Bxb6 23. Ra4 Rd7 24. Bc6 Rd1+ 25. Kg2 Na5 26. Bf3 Rb1 27.
Be5 Bd8 28. h4 Nb3 29. Rxc4 Bf6 30. Bd6+ Ke8 31. Bc6+ Kf7 32. Ba4 Rxb2 33. Rc7+
Kg6 34. Be8+ Kh6 35. Bf4+ g5 36. hxg5+ Bxg5 37. Be5 Bd8 38. Rc6 1-0

[Event "5. Open Memorial Pedro Lezcano 2012"]
[Site "Gran Canaria ESP"]
[Date "2012.04.07"]
[Round "8.3"]
[White "Larino Nieto, David"]
[Black "Herraiz Hidalgo, Herminio"]
[Result "0-1"]
[WhiteElo "2442"]
[BlackElo "2485"]
[PlyCount "102"]
[EventDate "2012.04.02"]
[EventType "swiss"]
[EventRounds "9"]
[EventCountry "ESP"]
[Source "lmi"]
[SourceDate "2012.04.02"]

1. e4 e6 2. d4 d5 3. Nc3 Nf6 4. e5 Nfd7 5. f4 c5 6. Nf3 Nc6 7. Be3 Qb6 8. Be2
cxd4 9. Nxd4 Bc5 10. Na4 Qa5+ 11. c3 Nxd4 12. Nxc5 Nxe2 13. Qxe2 Nxc5 14. b4
Qa6 15. Bxc5 Qxe2+ 16. Kxe2 h5 17. a4 Bd7 18. Kd2 f5 19. Kc2 h4 20. Kb3 a6 21.
Rhd1 Kf7 22. Rd3 Rag8 23. c4 dxc4+ 24. Kxc4 Bxa4 25. Rxa4 b5+ 26. Kb3 bxa4+ 27.
Kxa4 Rd8 28. Rd6 Rxd6 29. exd6 Ke8 30. Ka5 Kd7 31. Kxa6 h3 32. gxh3 Rxh3 33. b5
Rxh2 34. b6 Kc6 35. Bb4 Rb2 36. Ba5 Kxd6 37. Kb7 Kd7 38. Bc3 Rg2 39. Be5 g5 40.
fxg5 Rxg5 41. Ka7 Rg4 42. b7 Ra4+ 43. Kb6 Rb4+ 44. Ka6 Kc6 45. b8=N+ Kd5 46.
Ka5 Rb7 47. Bh2 e5 48. Na6 Kc4 49. Bg1 Rb5+ 50. Ka4 Rb1 51. Bc5 f4 0-1

[Event "5. Open Memorial Pedro Lezcano 2012"]
[Site "Gran Canaria ESP"]
[Date "2012.04.07"]
[Round "8.5"]
[White "Vera Gonzalez-Quevedo, Reynaldo"]
[Black "Gergacz, Attila"]
[Result "1-0"]
[WhiteElo "2482"]
[BlackElo "2432"]
[PlyCount "97"]
[EventDate "2012.04.02"]
[EventType "swiss"]
[EventRounds "9"]
[EventCountry "ESP"]
[Source "lmi"]
[SourceDate "2012.04.02"]

1. d4 Nf6 2. c4 g6 3. Nc3 Bg7 4. e4 d6 5. Nf3 O-O 6. Be2 e5 7. O-O Nc6 8. d5
Ne7 9. b4 a5 10. Ba3 Ne8 11. c5 axb4 12. Bxb4 dxc5 13. Bxc5 Nd6 14. a4 f5 15.
Nd2 fxe4 16. Ndxe4 Nef5 17. Bd3 Nd4 18. Rb1 Rf7 19. Bxd6 cxd6 20. Rb4 Bf8 21.
Qb1 Qh4 22. Rb6 Ra6 23. Bxa6 bxa6 24. f3 Rc7 25. Rb8 Bh6 26. Qe1 Qe7 27. Kh1
Kg7 28. Rb6 Nc2 29. Qe2 Ne3 30. Rfb1 Nc4 31. Rc6 Na5 32. Rxc7 Qxc7 33. Qb2 Nb7
34. Qb6 Qd7 35. Qc6 Na5 36. Qxd6 Qxd6 37. Nxd6 Bd7 38. Rb6 Be3 39. Rxa6 Nb3 40.
Nc4 Bd4 41. Nb5 Kf8 42. Ra8+ Kf7 43. Rb8 Nc5 44. a5 Kf6 45. Nxd4 exd4 46. a6
Nxa6 47. Rb6+ Kg5 48. Rxa6 Bb5 49. Rc6 1-0

[Event "5. Open Memorial Pedro Lezcano 2012"]
[Site "Gran Canaria ESP"]
[Date "2012.04.07"]
[Round "8.7"]
[White "Valles, Manuel"]
[Black "Cabrera Trujillo, Jorge"]
[Result "1/2-1/2"]
[WhiteElo "2260"]
[BlackElo "2357"]
[PlyCount "26"]
[EventDate "2012.04.02"]
[EventType "swiss"]
[EventRounds "9"]
[EventCountry "ESP"]
[Source "lmi"]
[SourceDate "2012.04.02"]

1. d4 Nf6 2. g3 g6 3. Bg2 Bg7 4. e4 d6 5. Ne2 O-O 6. O-O e5 7. h3 Nc6 8. d5 Ne7
9. g4 h5 10. g5 Nh7 11. h4 f6 12. Be3 Kh8 13. Qd2 Qd7 1/2-1/2

[Event "5. Open Memorial Pedro Lezcano 2012"]
[Site "Gran Canaria ESP"]
[Date "2012.04.07"]
[Round "8.8"]
[White "Hernando Rodrigo, Jose Maria"]
[Black "Gutierrez Olivares, Daniel"]
[Result "1/2-1/2"]
[WhiteElo "2326"]
[BlackElo "2281"]
[PlyCount "56"]
[EventDate "2012.04.02"]
[EventType "swiss"]
[EventRounds "9"]
[EventCountry "ESP"]
[Source "lmi"]
[SourceDate "2012.04.02"]

1. d4 Nf6 2. c4 e6 3. Nc3 Bb4 4. e3 O-O 5. Bd3 c5 6. Nge2 d6 7. a3 Bxc3+ 8.
Nxc3 Nc6 9. O-O b6 10. b4 cxb4 11. axb4 Nxb4 12. Qf3 Bd7 13. Bb1 Rc8 14. Rxa7
Rxc4 15. Ne4 Nxe4 16. Qxe4 f5 17. Qb7 Rf7 18. Ba3 Be8 19. Ra8 Rxb7 20. Rxd8 Kf7
21. Rxd6 Ra7 22. Bxb4 Rxb4 23. d5 Bb5 24. dxe6+ Ke7 25. Rxb6 Ra1 26. Rb7+ Ke8
27. Rb8+ Ke7 28. Rb7+ Ke8 1/2-1/2

[Event "5. Open Memorial Pedro Lezcano 2012"]
[Site "Gran Canaria ESP"]
[Date "2012.04.07"]
[Round "8.10"]
[White "Garcia Blanco, Omar"]
[Black "Pataki, Gyozo"]
[Result "1/2-1/2"]
[WhiteElo "2205"]
[BlackElo "2357"]
[PlyCount "38"]
[EventDate "2012.04.02"]
[EventType "swiss"]
[EventRounds "9"]
[EventCountry "ESP"]
[Source "lmi"]
[SourceDate "2012.04.02"]

1. e4 c5 2. c3 d5 3. exd5 Qxd5 4. d4 Nf6 5. Nf3 e6 6. Na3 a6 7. Nc4 Nbd7 8. Be3
cxd4 9. Qxd4 Bc5 10. Qxd5 Nxd5 11. Bxc5 Nxc5 12. O-O-O Ke7 13. Re1 Rd8 14. Ne3
Nf4 15. Kc2 b6 16. Nd4 Bb7 17. f3 Rac8 18. g3 Nd5 19. Bg2 Nxe3+ 1/2-1/2

[Event "5. Open Memorial Pedro Lezcano 2012"]
[Site "Gran Canaria ESP"]
[Date "2012.04.07"]
[Round "8.12"]
[White "Joie, Sebastien"]
[Black "Martin Hernandez, Ruben"]
[Result "0-1"]
[WhiteElo "2320"]
[BlackElo "2182"]
[PlyCount "96"]
[EventDate "2012.04.02"]
[EventType "swiss"]
[EventRounds "9"]
[EventCountry "ESP"]
[Source "lmi"]
[SourceDate "2012.04.02"]

1. Nf3 Nf6 2. c4 g6 3. b3 Bg7 4. Bb2 O-O 5. g3 c5 6. Bg2 Nc6 7. O-O d5 8. cxd5
Nxd5 9. Bxg7 Kxg7 10. d4 cxd4 11. Nxd4 Ndb4 12. Nxc6 Nxc6 13. Bxc6 bxc6 14.
Qxd8 Rxd8 15. Nc3 Ba6 16. Rfd1 Rd6 17. Rxd6 exd6 18. Rd1 Rd8 19. Rd4 Bc8 20.
Ne4 d5 21. Nc5 Re8 22. e3 Kf6 23. Kf1 Ke5 24. Ra4 Re7 25. Ke2 Kd6 26. b4 Bf5
27. Kd2 f6 28. Kc3 h5 29. Kd4 Rc7 30. Ra6 Bc8 31. Ra5 h4 32. a4 hxg3 33. hxg3
Rh7 34. Nd3 Bf5 35. Ra6 Bc8 36. Ra5 Bf5 37. Nc5 Bc8 38. f4 Bf5 39. Ra6 Bc8 40.
Ra5 Bf5 41. b5 Rh1 42. Nb7+ Kc7 43. bxc6 Kxc6 44. Nd8+ Kb6 45. Rxd5 Rd1+ 46.
Kc4 Rc1+ 47. Kb4 Re1 48. Ne6 a5+ 0-1

[Event "5. Open Memorial Pedro Lezcano 2012"]
[Site "Gran Canaria ESP"]
[Date "2012.04.07"]
[Round "8.14"]
[White "Bressac, Stephane"]
[Black "Navarro Molina, David"]
[Result "1-0"]
[WhiteElo "2243"]
[BlackElo "2168"]
[PlyCount "101"]
[EventDate "2012.04.02"]
[EventType "swiss"]
[EventRounds "9"]
[EventCountry "ESP"]
[Source "lmi"]
[SourceDate "2012.04.02"]

1. e4 c5 2. Nf3 e6 3. g3 Nc6 4. Bg2 Qc7 5. O-O Nf6 6. Nc3 a6 7. d3 Be7 8. Ng5
d6 9. f4 Bd7 10. Be3 h6 11. Nh3 O-O-O 12. a3 d5 13. e5 Nh7 14. Ne2 d4 15. Bf2
g5 16. Kh1 gxf4 17. gxf4 f6 18. c3 fxe5 19. fxe5 dxc3 20. bxc3 Nxe5 21. Qb3 Ng5
22. Bg3 Bd6 23. d4 c4 24. Qb2 Bc6 25. Nxg5 Nd3 26. Qd2 hxg5 27. Qe3 Bxg2+ 28.
Kxg2 Bxg3 29. Nxg3 Nf4+ 30. Kg1 Rh6 31. Ra2 Rf8 32. Rb1 Rh3 33. Rab2 Qc6 34. d5
Qxd5 35. Qa7 b5 36. Qxa6+ Kc7 37. Qxb5 Qxb5 38. Rxb5 Ra8 39. Rc5+ Kd6 40. Ne4+
Kd7 41. Rb7+ Kd8 42. Rcc7 Nd5 43. Rd7+ Ke8 44. Nd6+ Kf8 45. Rf7+ Kg8 46. Rg7+
Kh8 47. Nxc4 Rxc3 48. Ne5 Nf4 49. Rh7+ Kg8 50. Rbg7+ Kf8 51. Nd7+ 1-0

[Event "5. Open Memorial Pedro Lezcano 2012"]
[Site "Gran Canaria ESP"]
[Date "2012.04.07"]
[Round "8.15"]
[White "Gonzalez Diaz, Julio"]
[Black "Rodriguez Ferraz, Borja"]
[Result "1-0"]
[WhiteElo "2232"]
[BlackElo "2149"]
[PlyCount "69"]
[EventDate "2012.04.02"]
[EventType "swiss"]
[EventRounds "9"]
[EventCountry "ESP"]
[Source "lmi"]
[SourceDate "2012.04.02"]

1. c4 Nf6 2. g3 e6 3. Bg2 Be7 4. Nf3 O-O 5. O-O Nc6 6. b3 b6 7. Bb2 Bb7 8. Nc3
Na5 9. d3 c5 10. e4 d6 11. Ne1 Ne8 12. f4 Bf6 13. g4 Bd4+ 14. Kh1 d5 15. cxd5
exd5 16. e5 f6 17. Nf3 fxe5 18. fxe5 Be3 19. d4 cxd4 20. Nb5 Ba6 21. a4 Nc7 22.
Bxd4 Bxd4 23. Nfxd4 Rxf1+ 24. Qxf1 Nxb5 25. axb5 Bb7 26. Re1 Qf8 27. Qd3 Re8
28. e6 Qb4 29. Qe3 h6 30. Qe5 Qc3 31. e7 Nxb3 32. Nf5 Qxe5 33. Rxe5 Nc5 34. Nd6
Nd7 35. Nxe8 1-0

[Event "5. Open Memorial Pedro Lezcano 2012"]
[Site "Gran Canaria ESP"]
[Date "2012.04.07"]
[Round "8.16"]
[White "Lopez Colon, Francisco"]
[Black "Alvarado Diaz, Alejandro"]
[Result "0-1"]
[WhiteElo "2106"]
[BlackElo "2219"]
[PlyCount "54"]
[EventDate "2012.04.02"]
[EventType "swiss"]
[EventRounds "9"]
[EventCountry "ESP"]
[Source "lmi"]
[SourceDate "2012.04.02"]

1. d4 Nf6 2. c4 c5 3. d5 b5 4. cxb5 a6 5. bxa6 g6 6. Nc3 Bxa6 7. g3 d6 8. Bg2
Bg7 9. Nf3 Nbd7 10. O-O Nb6 11. a4 O-O 12. Re1 Ra7 13. e4 Nfd7 14. Bf1 Bxf1 15.
Kxf1 Qa8 16. Bg5 Re8 17. Nb5 Rxa4 18. Rb1 Qa6 19. Qe2 Rb4 20. Na3 Qxe2+ 21.
Rxe2 Na4 22. Bc1 Reb8 23. Nc2 R4b7 24. Ra1 Nxb2 25. Ra2 Nd3 26. Bg5 N7e5 27.
Nd2 Nc1 0-1

[Event "5. Open Memorial Pedro Lezcano 2012"]
[Site "Gran Canaria ESP"]
[Date "2012.04.07"]
[Round "8.17"]
[White "Garcia Rodriguez, Sara"]
[Black "Robin, Samy"]
[Result "1/2-1/2"]
[WhiteElo "2011"]
[BlackElo "2298"]
[PlyCount "68"]
[EventDate "2012.04.02"]
[EventType "swiss"]
[EventRounds "9"]
[EventCountry "ESP"]
[Source "lmi"]
[SourceDate "2012.04.02"]

1. e4 Nf6 2. e5 Nd5 3. d4 d6 4. c4 Nb6 5. exd6 cxd6 6. Nc3 g6 7. h3 Bg7 8. Nf3
O-O 9. Be2 Nc6 10. O-O Bf5 11. Be3 d5 12. c5 Nc4 13. Nh4 Nxe3 14. fxe3 Be6 15.
Qe1 f6 16. Qg3 Bf7 17. Rad1 b6 18. Bb5 Rc8 19. Ba6 Rb8 20. Bb5 Rc8 21. Ba6 Rc7
22. cxb6 axb6 23. a3 Na5 24. Bd3 e5 25. Nb5 Rc8 26. dxe5 fxe5 27. Nf3 Qe7 28.
Ng5 Be8 29. h4 Rxf1+ 30. Bxf1 Bc6 31. b4 Nc4 32. Nc3 h6 33. Nxd5 Bxd5 34. Rxd5
Nxe3 1/2-1/2